Business research projects / (Record no. 14880)
[ view plain ]
| 000 -LEADER | |
|---|---|
| fixed length control field | 00875cam a2200289 a 4500 |
| 001 - CONTROL NUMBER | |
| control field | ocm56805529 |
| 003 - CONTROL NUMBER IDENTIFIER | |
| control field | PILC |
| 005 - DATE AND TIME OF LATEST TRANSACTION | |
| control field | 20150112093445.0 |
| 008 - FIXED-LENGTH DATA ELEMENTS--GENERAL INFORMATION | |
| fixed length control field | 041015s2005 enka b 001 0 eng |
| 020 ## - INTERNATIONAL STANDARD BOOK NUMBER | |
| International Standard Book Number | 9781844800827 |
| 035 ## - SYSTEM CONTROL NUMBER | |
| System control number | CUA000257584 |
| 040 ## - CATALOGING SOURCE | |
| Original cataloging agency | UKM |
| Transcribing agency | UKM |
| Modifying agency | C#P |
| -- | BAKER |
| -- | CVU |
| 049 ## - LOCAL HOLDINGS (OCLC) | |
| Holding library | CVUA |
| 050 #4 - LIBRARY OF CONGRESS CALL NUMBER | |
| Classification number | HD 30.4 |
| Item number | .J33 2005 |
| 082 04 - DEWEY DECIMAL CLASSIFICATION NUMBER | |
| Classification number | R 650.072 |
| Item number | J25b 2005 |
| 100 1# - MAIN ENTRY--PERSONAL NAME | |
| Personal name | Jankowicz, A. D. |
| Dates associated with a name | 1946- |
| 9 (RLIN) | 22738 |
| 245 10 - TITLE STATEMENT | |
| Title | Business research projects / |
| Statement of responsibility, etc | A.D. Jankowicz |
| 250 ## - EDITION STATEMENT | |
| Edition statement | 4th ed. |
| 260 ## - PUBLICATION, DISTRIBUTION, ETC. (IMPRINT) | |
| Place of publication, distribution, etc | London : |
| Name of publisher, distributor, etc | Thomson Learning, |
| Date of publication, distribution, etc | 2005. |
| 300 ## - PHYSICAL DESCRIPTION | |
| Extent | 398 pages : |
| Other physical details | illustration ; |
| Dimensions | 25 cm. |
| 504 ## - BIBLIOGRAPHY, ETC. NOTE | |
| Bibliography, etc | Includes bibliographical references and indexes. |
| 650 #0 - SUBJECT ADDED ENTRY--TOPICAL TERM | |
| Topical term or geographic name as entry element | Business |
| General subdivision | Research. |
| 9 (RLIN) | 22739 |
| 650 #0 - SUBJECT ADDED ENTRY--TOPICAL TERM | |
| Topical term or geographic name as entry element | Business enterprises |
| General subdivision | Research. |
| 9 (RLIN) | 22740 |
| 650 #0 - SUBJECT ADDED ENTRY--TOPICAL TERM | |
| Topical term or geographic name as entry element | Business report writing. |
| 9 (RLIN) | 15214 |
| 910 ## - USER-OPTION DATA (OCLC) | |
| User-option data | 20060904/w/n;jc |
| 942 ## - ADDED ENTRY ELEMENTS (KOHA) | |
| Source of classification or shelving scheme | Library of Congress Classification |
| Koha item type | Books |
| Withdrawn status | Lost status | Source of classification or shelving scheme | Damaged status | Home library | Current library | Shelving location | Date acquired | Total Checkouts | Full call number | Barcode | Date last seen | Date checked out | Copy number | Price effective from | Koha item type |
|---|---|---|---|---|---|---|---|---|---|---|---|---|---|---|---|
| Library of Congress Classification | Southville International School Affiliated with Foreign Universities Library | Southville International School Affiliated with Foreign Universities Library | Southville Foreign University Section | 10/02/2013 | 1 | HD 30.4 .J33 2005 | sfu1704 | 05/15/2018 | 07/07/2015 | 1 | 10/02/2013 | Books |